Programming with Java: a Primer (Record no. 274840)

MARC details
000 -LEADER
fixed length control field 00448nam a2200181Ia 4500
005 - DATE AND TIME OF LATEST TRANSACTION
control field 20240920143656.0
008 - FIXED-LENGTH DATA ELEMENTS--GENERAL INFORMATION
fixed length control field 240126s9999 xx 000 0 und d
020 ## - INTERNATIONAL STANDARD BOOK NUMBER
International Standard Book Number 9789351343202
082 ## - DEWEY DECIMAL CLASSIFICATION NUMBER
Classification number 001.6424JAV BAL;1 R
100 ## - MAIN ENTRY--PERSONAL NAME
Personal name Balagurusamy E.
245 #0 - TITLE STATEMENT
Title Programming with Java: a Primer
250 ## - EDITION STATEMENT
Edition statement 5th ed.
260 ## - PUBLICATION, DISTRIBUTION, ETC. (IMPRINT)
Name of publisher, distributor, etc. TMH
Place of publication, distribution, etc. New Delhi
300 ## - PHYSICAL DESCRIPTION
Extent xv, 460
440 ## - SERIES STATEMENT/ADDED ENTRY--TITLE
Title NULL
650 ## - SUBJECT ADDED ENTRY--TOPICAL TERM
Topical term or geographic name as entry element Programming,Java:,Primer
942 ## - ADDED ENTRY ELEMENTS (KOHA)
Koha item type PESU Books
Holdings
Date last seen Total Checkouts Full call number Accession number Old discount Checked out Volume/Issue Number Date checked out Price effective from Category Lost status Damaged status Department Withdrawn status Permanent Location Current Location Shelving location Entry date Grants Currency symbol Conversion rate Discount Discount type
28/01/2025 1 001.6424JAV BAL;1 R PU3134   11/02/2025 (07/07/1905) 28/01/2025 26/01/2024 PESU Books     Central Library   Central Library RFID Kiosk Central Library 25/03/2015 DONATED RS 1   Rupees

© For any Suggestions or Query, please contact the library staff @ librarian@pes.edu or Phone: +9180 2672 1983/ 2108.